Statistics for Countries with the Richest Middle Class

Click here to take the quiz!

General Stats

  • This quiz has been taken 114 times
  • The average score is 17 of 20

Answer Stats

Median WealthCountry% Correct
$97,200United Kingdom
96%
$106,000Canada
95%
$107,000France
93%
$191,000Australia
92%
$80,100Norway
92%
$87,200Spain
92%
$98,600New Zealand
91%
$183,000Switzerland
91%
$103,000Japan
89%
$115,000Netherlands
88%
$163,000Belgium
87%
$79,200Italy
87%
$65,500South Korea
87%
$91,700Singapore
86%
$70,100Austria
85%
$164,000Luxembourg
84%
$72,500Ireland
81%
$203,000Iceland
80%
$78,200Taiwan
71%
$76,100Malta
53%

Score Distribution

Percentile by Number Answered

Percent of People with Each Score

Your Score History

You have not taken this quiz